Religion Quiz

Random Religion or Animal Quiz
Score 0/22 Timer 03:00
3 Plays Today
% Correct
Chicken
83.8%
Cow
79.6%
Duck
76.2%
Goat
70.8%
Cod
69.7%
Salmon
69.6%
Tuna
68.2%
Turkey
68%
Sheep
66.6%
Deer
65.8%
Goose
65.7%
% Correct
Trout
65.5%
Halibut
63.5%
Sea Bass
62.5%
Bison
61%
Anchovy
60.5%
Flounder
60.1%
Carp
59.4%
Whitefish
58.4%
Pike
47.7%
Pigeon
38.6%
Giraffe
30.7%
Remove Ads.
Support Sporcle.
Get the best of Sporcle when you Go Orange. This ad-free experience offers more features, more stats, and more fun while also helping to support Sporcle. Thank you for becoming a member.

You're not logged in!

Compare scores with friends on all Sporcle quizzes.
OR
Log In

Sporcle TV

Today on Sporcle TV


Watch our educational content, quiz creation guides, and fun videos on Sporcle TV.

Show Comments

Extras

Top Quizzes Today


Score Distribution

Paid Content

Your Account Isn't Verified!

In order to create a playlist on Sporcle, you need to verify the email address you used during registration. Go to your Sporcle Settings to finish the process.

Report this User

Report this user for behavior that violates our Community Guidelines.

Details: